000 00563nam a2200205Ia 4500
003 OSt
005 20230509153229.0
008 210423s2009 xx 000 0 und d
020 _a9788173198243
040 _cAL
041 _aeng
082 _a547.7
_223
_bBHAS
100 _aBHAT (Sujata V);others.
_9101479
245 _aNatural products: Chemistry and applications.
260 _aNew Delhi
_bNew American Library
_c2009
300 _axiv,400.
_bPB
365 _b495
_cINR
906 _aapplications. ; Chemistry ; Natural ; Products:
942 _2ddc
_cBK
999 _c164041
_d164041